000 00584nam a2200181Ia 4500
008 151018s9999 xx 000 0 und d
082 _bRBASDV32218
_a920
100 _aमाधव कदम
245 _aसज्जन राजकारणी आणि
250 _b1
260 _bयुनिक प्रकाशन
_c2000
300 _a30
600 _aमाधव कदम
630 _aसज्जन राजकारणी आणि
700 _aमाधव कदम
730 _aसज्जन राजकारणी आणि
942 _cBOOK
999 _c1031743
_d1031740